| 000 | 00801nam a2200229 i 4500 | ||
|---|---|---|---|
| 001 | 40995 | ||
| 003 | ES-MaACL | ||
| 005 | 20250605122459.0 | ||
| 007 | t| | ||
| 008 | 030307s1974 sp ||||1| spa d | ||
| 100 | 1 |
_aCarpenter, Edmund. _935434 |
|
| 245 | 1 | 3 |
_aEl aula sin muros _b: investigaciones sobre técnicas de comunicación / _cEdmund Carpenter, Marshall McLuhan ; prólogo de Román Gubern ; [traducción de Luis Carandell]. |
| 250 | _a[2ª ed.]. | ||
| 260 |
_aBarcelona : _bLaia, _c[1974] |
||
| 300 |
_a266 p. ; _c18 cm. |
||
| 650 | 0 | 4 |
_aComunicación. _911187 |
| 700 | 1 |
_aMcLuhan, Marshall, _d1911-1980 _979603 |
|
| 700 | 1 |
_aGubern, Román, _d1934- _960377 |
|
| 700 | 1 |
_aCarandell, Luis, _d1929-2002 _934959 |
|
| 852 |
_aES-MaACL _jE-64033 _bR.90301 |
||
| 999 |
_c40995 _d40995 |
||